| 000 | 00372 a2200109 4500 | ||
|---|---|---|---|
| 020 | _a0750651040 | ||
| 082 | _a624.1834 NEW | ||
| 100 | _aNewman, John | ||
| 245 |
_aAdvanced Concrete Technology : Concrete Properties [part 2] / _cEdited by John Newman BAn Seng Choo |
||
| 260 |
_aAmsterdam : _bElsevier Advanced Technology, _c2003 |
||
| 300 |
_avarious Pages _bill. ; _c25 cm |
||
| 650 | _aconcrete Technology | ||
| 999 |
_c2243 _d2243 |
||